UBT Library

The art of mosaics : (Record no. 44206)

000 -LEADER
fixed length control field 00653cam a2200217 i 4500
001 - CONTROL NUMBER
control field 2249422
005 - DATE AND TIME OF LATEST TRANSACTION
control field 20180306082653.0
008 - FIXED-LENGTH DATA ELEMENTS--GENERAL INFORMATION
fixed length control field 770915s1977 caua bc l000 0 eng
010 ## - LIBRARY OF CONGRESS CONTROL NUMBER
LC control number 77075331
020 ## - INTERNATIONAL STANDARD BOOK NUMBER
International Standard Book Number 0875870805
040 ## - CATALOGING SOURCE
Original cataloging agency DLC
Transcribing agency DLC
Modifying agency DLC
041 ## - LANGUAGE CODE
Language code of text/sound track or separate title eng
080 ## - UNIVERSAL DECIMAL CLASSIFICATION NUMBER
Universal Decimal Classification number 738.5094 GON
082 00 - DEWEY DECIMAL CLASSIFICATION NUMBER
Classification number 738.5094 GON
100 ## - Rafti
Rafti 44
101 ## - Shkurtesa
Shkurtesa ART
245 14 - TITLE STATEMENT
Title The art of mosaics :
Statement of responsibility, etc Alvar Gonzalez-Palacios.
504 ## - BIBLIOGRAPHY, ETC. NOTE
Bibliography, etc Bibliography: p. [8]
906 ## - LOCAL DATA ELEMENT F, LDF (RLIN)
a 7
b cbc
c orignew
d 2
e opcn
f 19
g y-gencatlg
942 ## - ADDED ENTRY ELEMENTS (KOHA)
Source of classification or shelving scheme
Item type Books
Holdings
Withdrawn status Lost status Source of classification or shelving scheme Damaged status Not for loan Collection code Permanent location Current location Shelving location Date acquired Total Checkouts Full call number Barcode Date last seen Price effective from Koha item type
          Koleksioni i përgjithshem UBT - Lipjan UBT - Lipjan Koleksioni i përgjithshem 03/06/2018   738.5094 GON 002-3001147 03/06/2018 03/06/2018 Books
UBT Library © 2015-2024. All rights reserved University Education for Business and Technology